Антология по теория на възпитанието (Запис номер 27520)
[ съкратено ]
| 000 -Лидер | |
|---|---|
| Контролно поле с фиксирана дължина | 01305nam a2200349 c 4500 |
| 003 - Код на организацията, давaща контролен номер | |
| Контролно поле | BLK |
| 005 - Дата и час на последна редакция | |
| Контролно поле | 20240108124608.0 |
| 008 - Елементи от данни с фиксирана дължина | |
| fixed length control field | 180413b bul|||||r ||||||| ||bul|| |
| 010 ## - Наследен системен номер | |
| LC control number | KNG00030103000 |
| 020 ## - Международен стандартен номер на книга ISBN | |
| Международен стандартен номер на книга ISBN | 954-8510-30-8 |
| -- | издат.: Веда Словена - ЖГ |
| 040 ## - Източник на каталожния запис | |
| Идентификатор на билиотеката - собственик на записа | BLK |
| 041 ## - Код за език | |
| Код за езика на текст/звукозапис или на отделно заглавие | Български |
| Код за езика КДБФ | Български |
| 080 ## - УДК | |
| Текстов определител УДК | Обща теория на възпитанието. Отделни направления |
| УДК код - определител по УДК | 37.013 |
| УДК определител | (082.2) |
| УДК - код + определител | 37.013(082.2) |
| 139 ## - Редно поле | |
| Редна дума | Антология по теория на възпитанието |
| Авторски знак | Анто - А 75 |
| 245 10 - Сведения за заглавието | |
| Заглавие | Антология по теория на възпитанието |
| Подзаглавни данни | Т. 1 - |
| Редно поле (дума) | състав. Любен Димитров. |
| Том | Т. 1 |
| 257 ## - Страна на издаване | |
| Страна на създаване/издаване | България |
| 260 ## - Област на издателските данни | |
| -- | София |
| Име на издателя, разпространителя и проч. | Веда Словена - ЖГ |
| Година на издаване | 1997 - |
| Печатница | София : Сиела |
| 300 ## - Физическа характеристика | |
| Размери/Мащаб | 23 см |
| 380 ## - Жанр | |
| Жанр | Обществени науки |
| 650 #4 - Допълнително описание по предмет – тема | |
| Основно описание – тема или топоним | Възпитание - теория |
| 9 (RLIN) | 244249 |
| 653 ## - Ключова дума – ненормативна | |
| Ключова дума | теории |
| 653 ## - Ключова дума – ненормативна | |
| Ключова дума | възпитание |
| 653 ## - Ключова дума – ненормативна | |
| Ключова дума | педагогика |
| 700 1# - Други автори (авторска отговорност) | |
| Лично име | Димитров, Любен |
| Автороска отговорност (Описва отношението между автора и произведението) | състав. |
| 9 (RLIN) | 366211 |
| 760 1# - Описание на основната серия | |
| Място на издаване, издател и година | 1997 |
| Страници - том | 340 с. |
| Заглавие | Т. 1 |
| 852 ## - Местоположение | |
| Форматна сигнатура | Цб 202822 |
| 856 4# - Електронен адрес и достъп | |
| Електронен формат | pdf - файл |
| Път до файла /url/ | |
| 856 4# - Електронен адрес и достъп | |
| Електронен формат | pdf - файл |
| Път до файла /url/ | |
| 942 ## - АРТИКУЛИ | |
| Вид на библиотечния материал | Книги |
| Скрит в OPAC | Не |
| Koha issues (borrowed), all copies | 1 |
| 944 ## - СЪЗДАВАНЕ И РЕДАКЦИЯ на ЗАПИСА | |
| Създаване/Редакция | Създаване |
| Дата на регистрацията/редакция | 15.01.2003 |
| Служител, извършил регистрацията/редакцията | 30531 |
| Статус, дата на статуса | Цветелина Шанова |
| 944 ## - СЪЗДАВАНЕ И РЕДАКЦИЯ на ЗАПИСА | |
| Създаване/Редакция | Редакция |
| Дата на регистрацията/редакция | 09.02.2057 |
| Служител, извършил регистрацията/редакцията | |
| 999 ## - СИСТЕМНИ КОНТРОЛНИ НОМЕРА | |
| Koha biblionumber | 27520 |
| Koha biblioitemnumber | 27520 |
| Код за отписване | Код за изгубен артикул | Източник на класификационната схема | Код за повреда | Коз за рестрикции | Код за отдаване | Артикулен № | Име на библиотеката - собственик | Име на библиотеката, в която се намира в момента | Статус (Текущо местоположение) | Дата на вписване в системата | Местоположение - отдел | Цена в лева | Инвентарен номер | Систематично азбучна сигнатура | Баркод | Номер на екземпляра | Цена в евро | Служебна бележка | Служебен тип на артикула |
|---|---|---|---|---|---|---|---|---|---|---|---|---|---|---|---|---|---|---|---|
| Не е изгубен | Universal Decimal Classification | Не е повреден | без рестрикции | ползва се в читалня | 44405 | Регионална библиотека "Любен Каравелов" Русе | Регионална библиотека "Любен Каравелов" Русе | Хранилище | 1997-01-01 | Хранилище | 0.00 | 652563 | Цб 202822 | 120000652563 | 1 | 0.00 | Вид: Д N: 50 Дата: 01.01.1997 | Книги |